| 000 | 01069cam a22003015a 4500 | ||
|---|---|---|---|
| 001 | 016863834 | ||
| 003 | OSt | ||
| 005 | 20160308131134.0 | ||
| 008 | 140901s2015 paua frb 001 0 eng d | ||
| 020 | _a9780323341738 (hbk.) | ||
| 040 |
_aStDuBDS _beng _cStDuBDS _dEG-ScBUE |
||
| 082 | 0 | 4 |
_a617.692 _bCOM _222 |
| 245 | 0 | 0 |
_aComplications in implant dentistry / _ceditor Mohanad Al-Sabbagh. |
| 246 | 3 | 4 | _aClinics review articles |
| 260 |
_aPhiladelphia : _bElsevier, _c2015. |
||
| 300 |
_axv, 253 p. : _bill. (some col.) ; _c23 cm. |
||
| 490 | 0 |
_aDental clinics of North America, _x00118532 ; _vv. 59, no. 1 |
|
| 500 | _aIndex : p. [247]-253. | ||
| 500 | _a"Clinics review articles"--Cover | ||
| 504 | _aIncludes bibliographical references. | ||
| 520 | _aThis collection of essays examines clinical issues related to the failure of dental implants. | ||
| 650 | 7 |
_aDental implants. _2BUEsh _935980 |
|
| 650 | 7 |
_aDental implants _xComplications. _2BUEsh |
|
| 651 | _2BUEsh | ||
| 653 |
_bDDent _cMarch2016 |
||
| 700 | 1 |
_aAl-Sabbagh, Mohanad, _eeditor. |
|
| 942 | _2ddc | ||
| 999 |
_c21340 _d21312 |
||